Bytový dom

Guardado en:
Detalles Bibliográficos
Autor principal: Šimečková, Barbora (Autor)
Otros Autores: Franek, Michal (Orientador)
Formato: Manuscrito Libro
Lenguaje:eslovaco
Publicado: 2020
Materias:
Acceso en línea:http://is.stuba.sk/zp/portal_zp.pl?podrobnosti=136965
https://opac.crzp.sk/?fn=detailBiblioForm&sid=FD93F7145DB968626BD33BEFB2D7
Etiquetas: Agregar Etiqueta
Sin Etiquetas, Sea el primero en etiquetar este registro!

MARC

LEADER 00000ntm a22000003a 4500
001 stuzp78915
003 SK-STU
005 20230523103108.9
007 ta
008 150427s2015----xo-----f-mn---000-0-slo-d
040 |a STU  |b slo 
041 0 |a slo 
100 1 |a Šimečková, Barbora  |u 010180  |4 aut  |U SvF Stavebná fakulta  |T SvF Katedra konštrukcií pozemných stavieb  |X 87526  |U V180  |Y 18  |7 87526 
242 0 1 |a Apartment building  |y eng 
245 1 0 |a Bytový dom 
260 |c 2020 
650 4 |a bytový dom  |2 slo 
650 4 |a bytové jednotky  |2 slo 
650 4 |a projektová dokumentácia  |2 slo 
650 4 |a residential building  |2 eng 
650 4 |a housing units  |2 eng 
650 4 |a project documentation  |2 eng 
700 1 |a Franek, Michal  |u 010180  |k Z1  |4 ths  |U SvF Stavebná fakulta  |T SvF Katedra konštrukcií pozemných stavieb  |X 49000  |U V180  |Y 18  |7 A000049000 
856 4 |u http://is.stuba.sk/zp/portal_zp.pl?podrobnosti=136965 
856 4 |u https://opac.crzp.sk/?fn=detailBiblioForm&sid=FD93F7145DB968626BD33BEFB2D7